árboles y arbustos; clave vegetativa ilustrada de las principales especies cultivadas en el sudeste de la la provincia de buenos aires /

Guardado en:
Autor Principal: Alonso, Sara Isabel
Otros Autores: Montes, Leopoldo, Nuciari, Marìa Celia, Clausen, Andrea Martina
Formato: Libro
Publicado: Mar del Plata : Universidad Nacional de Mar del Plata, 1984
Materias:
Etiquetas: Agregar Etiqueta
Sin Etiquetas, Sea el primero en etiquetar este registro!
LEADER 00779nam a22002175a 4500
001 CEM.cems015660
005 20111004144153.0
008 130507s1984##################000#0#####d
003 CEMS
082 0 4 |a 634.927 
100 1 |a Alonso, Sara Isabel 
245 1 0 |a árboles y arbustos; clave vegetativa ilustrada de las principales especies cultivadas en el sudeste de la la provincia de buenos aires /  |c Sara Isabel Alonso... [et Al.] 
260 |a Mar del Plata :  |b Universidad Nacional de Mar del Plata,  |c 1984 
300 |a 116 p. 
653 |a Agricultura 
653 |a Árboles 
653 |a Taxonomía forestal 
700 1 |a Montes, Leopoldo 
700 1 |a Nuciari, Marìa Celia 
700 1 |a Clausen, Andrea Martina 
859 |a CEMS  |b BIB. CEMS - Agricultura  |h 634.927  |i Al722  |p A15976.90  |t Ej.1